Function and evolution of behavior: An historical sample from the pens of ethologists
Bewaard in:
| Formaat: | Boek |
|---|---|
| Taal: | Undetermined |
| Gepubliceerd in: |
Reading, Massachusetts
Addison-Wesley
1972
|
| Onderwerpen: | |
| Tags: |
Voeg label toe
Geen labels, Wees de eerste die dit record labelt!
|
| Thư viện lưu trữ: | Trung tâm Học liệu Trường Đại học Cần Thơ |
|---|
| LEADER | 00536nam a2200157Ia 4500 | ||
|---|---|---|---|
| 001 | CTU_43093 | ||
| 008 | 210402s9999 xx 000 0 und d | ||
| 082 | |a 591.5 | ||
| 082 | |b F976 | ||
| 245 | 0 | |a Function and evolution of behavior: An historical sample from the pens of ethologists | |
| 260 | |a Reading, Massachusetts | ||
| 260 | |b Addison-Wesley | ||
| 260 | |c 1972 | ||
| 650 | |a animal behavior,animal ecology,animals - adaptation,behavior evolution | ||
| 904 | |i Minh, 010827 | ||
| 980 | |a Trung tâm Học liệu Trường Đại học Cần Thơ | ||